000
00315 a2200133 4500
000
nam a22 7a 4500
100
_a
Joyce
110
_a
Joyce
245
_a
Informed publics media and international law
250
_a
Latest edition
260
_b
Bloomsbury
_c
2023
264
_b
Bloomsbury
_c
2023
942
_c
BK
999
_c
312119
_d
312119